| 000 | 00469nmm a2200169Ia 4500 | ||
|---|---|---|---|
| 008 | 251105s9999||||xx |||||||||||||||||und|| | ||
| 020 | _a9788475229905 | ||
| 041 | _aspa | ||
| 100 | _aMyers, Diana | ||
| 245 | 0 | _aPoesía acmeísta rusa. Antología | |
| 264 |
_a[Madrid, España] : _bVisor Libros, _c2001 |
||
| 300 | _a160 páginas | ||
| 490 | _aVisor de Poesía | ||
| 650 | _aOther poetry | ||
| 856 | _uhttps://public.digitaliapublishing.com/a/76814 | ||
| 942 | _cCF | ||
| 999 |
_c85068 _d85068 |
||